000 00542nam a2200181Ia 4500
005 20260427115736.0
008 231207s9999 xx 000 0 und d
020 _a9698329072
040 _cPK-LaNCA
082 _a080
_bWOR
100 _aRiaz Ahmad
245 4 _aThe works of Quaid-i-Azam Muhammad Ali Jinnah 1919-1920
260 _bQuaid-i-Azam University
_aIslamabad
_c2002
300 _aixiv, 557p
546 _aEnglish
650 _aMuhammad Ali Jinnah, 1876-1948--Public life--Documents collection. Pakistan--History.
942 _cBK
999 _c21115
_d21115